[Event "WY GU18 2012"]
[Site "Maribor SLO"]
[Date "2012.11.10"]
[Round "3.24"]
[White "Orbezo Rosales,X"]
[Black "Nonkovic,B"]
[Result "0-1"]
[WhiteElo "1792"]
[BlackElo "2024"]

1.e4 d6 2.d4 Nf6 3.Nc3 e5 4.Nf3 Nbd7 5.Bc4 Be7 6.h3 c6 7.a4 O-O 8.a5 exd4
9.Nxd4 Nc5 10.Qf3 Be6 11.Bxe6 fxe6 12.Qe2 d5 13.exd5 exd5 14.O-O Qd7 15.Be3 Bd6
16.Na4 Nxa4 17.Rxa4 Rae8 18.Qd3 Bb8 19.Ne2 Ne4 20.c4 Qc7 21.g3 Qd7 22.Kg2 Qf7
23.f4 dxc4 24.Qxc4 Nd6 25.Qxf7+ Rxf7 26.Kf3 Rfe7 27.Ra3 Nc4  0-1

[Event "WY BU18 2012"]
[Site "Maribor SLO"]
[Date "2012.11.10"]
[Round "3.17"]
[White "Druska,J"]
[Black "Kadric,D"]
[Result "1/2-1/2"]
[WhiteElo "2310"]
[BlackElo "2459"]

1.e4 d6 2.d4 Nf6 3.Nc3 e5 4.Nf3 Nbd7 5.Bc4 Be7 6.O-O Nb6 7.Bb3 exd4 8.Qxd4 O-O
9.Bg5 Nfd7 10.Bxe7 Qxe7 11.Rfe1 Ne5 12.Nxe5 dxe5 13.Qe3 c6 14.Red1 Nd7 15.a3 Nc5
16.Ba2 Ne6 17.Ne2 Nc5 18.b4 Ne6 19.Bb3 a5 20.c3 Nc7 21.Ng3 g6 22.Nf1 Nb5
23.Qg3 Qf6 24.Qd3 Be6 25.Qc2 axb4 26.axb4 Bxb3 27.Qxb3 Rxa1 28.Rxa1 Rd8 29.Rc1 Qf4
30.Qc2 Na3 31.Qb2 Nc4 32.Qc2 h5 33.Ra1 h4 34.Qe2 b5 35.g3 Qg5 36.Rd1 Ra8
37.Qf3 Ra7 38.Kg2 Kg7 39.Rd3 hxg3 40.hxg3  1/2-1/2

[Event "Rector Cup MGSU"]
[Site "Moscow RUS"]
[Date "2012.11.10"]
[Round "5.1"]
[White "Nepomniachtchi,I"]
[Black "Vorobiov,E"]
[Result "1-0"]
[WhiteElo "2707"]
[BlackElo "2597"]

1.e4 d6 2.d4 Nf6 3.Nc3 e5 4.Nf3 Nbd7 5.Be2 Be7 6.g4 g6 7.g5 Nh5 8.h4 c6 9.a3 Qc7
10.Be3 b6 11.Nh2 Ng7 12.f4 Ne6 13.f5 Nxd4 14.Bxd4 exd4 15.Qxd4 Ne5 16.f6 Bf8
17.Nf3 Be6 18.O-O-O O-O-O 19.Nxe5  1-0

[Event "Bundesliga 2012-13"]
[Site "Eppingen GER"]
[Date "2012.11.11"]
[Round "4"]
[White "Boguslavskyy,O"]
[Black "Thiede,L"]
[Result "1/2-1/2"]
[WhiteElo "2445"]
[BlackElo "2441"]

1.e4 d6 2.d4 Nf6 3.Nc3 e5 4.Nf3 Nc6 5.Bb5 Bd7 6.O-O exd4 7.Nxd4 Be7 8.Re1 O-O
9.Bf1 Nxd4 10.Qxd4 Re8 11.h3 a6 12.Bf4 c5 13.Qd2 Qb6 14.Rad1 Bc6 15.Qc1 Rad8
16.Nd5 Nxd5 17.exd5 Bd7 18.Bd3 Bf6 19.c3 Qc7 20.Qc2 g6 21.Qd2 b5 22.a3 Bc8
23.Bh6 Bb7 24.Qf4 Bg7 25.Bxg7 Kxg7 26.c4 bxc4 27.Bxc4 Re7 28.Re3 Rde8 29.Rde1 a5
30.h4 h6 31.Rxe7 Rxe7 32.Qd2 Rxe1+ 33.Qxe1 Qd8 34.g3 Qf6 35.b3 a4 36.bxa4 Qd4
37.Qb1 Bxd5 38.Bxd5 Qxd5 39.a5 c4 40.Qb2+ Kh7 41.a6 Qd1+ 42.Kg2 Qd5+ 43.Kg1 Qd1+
44.Kh2 Qf3 45.a7 c3 46.Qc2 h5 47.a4 Qb7 48.Qxc3 Qxa7 49.Qf6 Kg8 50.a5 Qxa5
51.Qxd6 Qf5  1/2-1/2

[Event "WY BU18 2012"]
[Site "Maribor SLO"]
[Date "2012.11.11"]
[Round "4.29"]
[White "Ochsner,B"]
[Black "Sofranov,V"]
[Result "1-0"]
[WhiteElo "2324"]
[BlackElo "2191"]

1.e4 d6 2.d4 Nf6 3.Nc3 e5 4.Nf3 Nbd7 5.Bc4 Be7 6.O-O O-O 7.Re1 Nb6 8.Bb3 exd4
9.Qxd4 Bg4 10.a4 Bxf3 11.gxf3 Qc8 12.Bf4 Qh3 13.Bg3 Nbd7 14.f4 h5 15.e5 Ng4
16.Bc4 Nh6 17.Nd5 Bd8 18.e6 h4 19.Bf1 Qg4 20.e7 hxg3 21.exf8=Q+ Nxf8 22.hxg3 Ne6
23.Qd1 Qf5 24.Qd3 Qh5 25.Qd1 Qf5 26.Ne3 Qc5 27.Qd5 Qb6 28.a5 Qc6 29.Bg2 Bf6
30.a6  1-0

[Event "Rector Cup MGSU"]
[Site "Moscow RUS"]
[Date "2012.11.11"]
[Round "11.3"]
[White "Popov,Iv RUS"]
[Black "Khismatullin,D"]
[Result "1/2-1/2"]
[WhiteElo "2624"]
[BlackElo "2646"]

1.e4 d6 2.d4 Nf6 3.Nc3 e5 4.dxe5 dxe5 5.Qxd8+ Kxd8 6.Bg5 Be6 7.g3 Kc8 8.O-O-O Bc5
9.Bxf6 gxf6 10.Nd5 Nd7 11.f4 exf4 12.Nxf4 Be3+ 13.Kb1 Bxf4 14.gxf4 Nc5 15.Bg2 Rg8
16.Bf3 Bg4 17.e5 a5 18.Rd2 Bxf3 19.Nxf3 Ra6 20.Re1 Re6 21.Kc1 b6 22.Kd1 Rg4
23.f5 Re8 24.exf6 Rxe1+ 25.Kxe1 Rf4 26.Nd4 Ne4 27.Rd3 Nxf6 28.Nc6 Ne4 29.Rd4 Kb7
30.Ne5 Rh4 31.h3 f6 32.Nd7 c5 33.Rd3 Rf4 34.Rd5 Kc6 35.c4 h5 36.Ke2 Ng3+
37.Kd3 Rf3+ 38.Kd2 Ne4+ 39.Ke2 Rxh3 40.Nf8 Nd6 41.b3 Rh2+ 42.Kf3 Rxa2 43.Ne6 Nf7
44.Nd8+ Nxd8 45.Rxd8 Ra3 46.Rf8 Rxb3+ 47.Ke4 Rb1 48.Rxf6+ Kb7 49.Rh6 Re1+
50.Kd5 a4 51.Rxh5 a3 52.Rh2 Rf1 53.Ke6 Ka6 54.Rh3 Ra1 55.f6 Ka5 56.f7 Re1+
57.Kd5 Rd1+ 58.Ke6 Re1+ 59.Kd5 Rd1+ 60.Ke6 Re1+  1/2-1/2

[Event "FIDE WCh Women World Cup"]
[Site "Khanty-Mansiysk RUS"]
[Date "2012.11.12"]
[Round "1.2"]
[White "Ziaziulkina,N"]
[Black "Zhu Chen"]
[Result "0-1"]
[WhiteElo "2367"]
[BlackElo "2491"]

1.e4 d6 2.d4 Nf6 3.Nc3 e5 4.Nf3 Nbd7 5.Bc4 Be7 6.O-O O-O 7.Re1 c6 8.a4 b6
9.b3 Bb7 10.Bb2 a6 11.Bd3 g6 12.Ne2 exd4 13.Nf4 c5 14.c3 dxc3 15.Bxc3 Qc7
16.Ra2 Ne5 17.Bb1 Rfe8 18.Rd2 Bf8 19.h3 b5 20.Nxe5 dxe5 21.Nd5 Nxd5 22.exd5 b4
23.Bb2 Rad8 24.Be4 Rd6 25.Bf3 f6 26.Qc2 Bh6 27.Rd3 a5 28.Bc1 Bxc1 29.Qxc1 Red8
30.Red1 Rc8 31.Qh6 Qg7 32.Qe3 Ba6 33.R3d2 c4 34.bxc4 Rxc4 35.Be2 Rc3 36.Qe4 Bxe2
37.Qxe2 Qd7 38.f4 exf4 39.Qe4 g5 40.Rc2 Qa7+ 41.Kf1 Qe3 42.Qf5 Qe5 43.Qxe5 fxe5
44.Re2 Kf7 45.Rxe5 Kf6 46.Re2 Rc5 47.Red2 Ke5 48.Re2+ Kf5 49.Red2 h5 50.Kg1 g4
51.hxg4+ hxg4 52.Kf2 Rc3 53.Re1 g3+ 54.Kf1 Rc5 55.Red1 b3 56.Rb2 Rcxd5 57.Rxd5+ Rxd5
58.Rxb3 Rd1+ 59.Ke2 Rg1 60.Rb5+ Kg4 61.Rxa5 Rxg2+ 62.Kf1 Rf2+ 63.Kg1 Ra2  0-1

[Event "WY BU16 2012"]
[Site "Maribor SLO"]
[Date "2012.11.12"]
[Round "5.16"]
[White "Ebeling,D"]
[Black "Radovanovic,Nik"]
[Result "1-0"]
[WhiteElo "2359"]
[BlackElo "2170"]

1.e4 d6 2.d4 Nf6 3.Nc3 e5 4.Nf3 Nbd7 5.Bc4 Be7 6.O-O O-O 7.Re1 c6 8.a4 exd4
9.Nxd4 Ne5 10.Ba2 Re8 11.h3 Bf8 12.Be3 Qc7 13.f4 Ng6 14.Qf3 b6 15.Rad1 Bb7
16.Nf5 a6 17.Bd4 Nd7 18.h4 d5 19.h5 Nxf4 20.exd5 cxd5 21.Rf1 Ne6 22.Nh6+ Kh8
23.Nxf7+ Kg8 24.Nh6+ Kh8 25.Qf7 Nf6 26.Rxf6 Qxf7 27.Nxf7+ Kg8 28.Rxe6 Rxe6
29.Ng5 Rd6 30.Nge4 Rd7 31.Bxb6 Kh8 32.Bxd5 Bxd5 33.Rxd5 Rxd5 34.Nxd5 Re8
35.Ndc3 h6 36.Kf2 Kg8 37.Kf3 Kf7 38.g4 Re5 39.Kf4 Ke6 40.Bc7  1-0

[Event "WY GU16 2012"]
[Site "Maribor SLO"]
[Date "2012.11.12"]
[Round "5.23"]
[White "Gu,T"]
[Black "Ivanova,Si"]
[Result "1-0"]
[WhiteElo "1889"]
[BlackElo "2016"]

1.e4 d6 2.d4 Nf6 3.Nc3 Nbd7 4.f4 e5 5.Nf3 exd4 6.Qxd4 c6 7.Be3 d5 8.exd5 Bc5
9.Qd2 Qe7 10.Nd4 Bxd4 11.Qxd4 Nxd5 12.Nxd5 cxd5 13.O-O-O O-O 14.Bd2 Qe4 15.Bb4 Rd8
16.Qd2 Nb6 17.Bd3 Qe8 18.f5 f6 19.g4 Qa4 20.a3 d4 21.Rhe1 Bd7 22.Re7 Rac8
23.g5 Nd5 24.gxf6 Nxb4 25.Rxg7+ Kh8 26.Qxb4 Qxb4 27.axb4 Bc6 28.Rdg1 Bd5
29.R1g4 Rf8 30.Rxh7+  1-0

[Event "WY GU18 2012"]
[Site "Maribor SLO"]
[Date "2012.11.12"]
[Round "5.18"]
[White "Santeramo,Alessia"]
[Black "Narva,T"]
[Result "0-1"]
[WhiteElo "1865"]
[BlackElo "2065"]

1.e4 d6 2.d4 Nf6 3.Nc3 e5 4.dxe5 dxe5 5.Qxd8+ Kxd8 6.Nf3 Bd6 7.Bg5 Nd7 8.O-O-O Ke8
9.Nb5 a6 10.Nxd6+ cxd6 11.Nd2 h6 12.Bxf6 Nxf6 13.f3 b5 14.c4 Bd7 15.b3 Ke7
16.Kb2 Rhb8 17.Nb1 b4 18.Nd2 Ne8 19.g3 Nc7 20.h4 a5 21.Bh3 Be8 22.Nf1 Bc6
23.h5 a4 24.Ne3 g6 25.Bg2 Rh8 26.Ng4 Ne6 27.hxg6 fxg6 28.Rxh6 Rxh6 29.Nxh6 Nc5
30.f4 axb3 31.axb3 Ra3 32.Ng8+ Kf7 33.Rxd6 Rxb3+ 34.Ka2 Ra3+ 35.Kb1 Bxe4+
36.Bxe4 Nxe4 37.Rd8 exf4 38.gxf4 Rh3 39.Rb8 Rh8 40.Rxb4 Rxg8 41.Kc2 Rd8 42.Kc1 Kf6
43.Rb3 Rc8 44.Rb4 Kf5 45.Kc2 Kxf4 46.Rb6 Rxc4+ 47.Kd3 Rc3+ 48.Ke2 g5 49.Rb8 Re3+
50.Kf1 Kg3 51.Rd8 g4 52.Rd5 Nc3 53.Rd2 Ne2 54.Rd1 Kf3 55.Ra1 g3 56.Ke1 Nc1+  0-1

[Event "WY BU18 2012"]
[Site "Maribor SLO"]
[Date "2012.11.12"]
[Round "5"]
[White "Westerberg,J"]
[Black "Kadric,D"]
[Result "1/2-1/2"]
[WhiteElo "2322"]
[BlackElo "2459"]

1.d4 d6 2.e4 Nf6 3.Nc3 e5 4.dxe5 dxe5 5.Qxd8+ Kxd8 6.Bg5 c6 7.O-O-O+ Nd7
8.Nf3 Ke8 9.a3 Ng4 10.Bh4 Be7 11.Bg3 f6 12.Nd2 b5 13.Be2 Nh6 14.Nf1 Nc5 15.f4 exf4
16.Bxf4 Nf7 17.Ne3 g6 18.Bf3 Ne5 19.Bxe5 fxe5 20.Ng4 Nd7 21.Nf2 h5 22.Kb1 a5
23.a4 b4 24.Ne2 Nc5 25.b3 Be6 26.Nc1 Rc8 27.Nfd3 Nd7 28.Nb2 Bc5 29.Be2 Nb6
30.Bc4 Bxc4 31.Nxc4 Nxc4 32.bxc4 Ke7 33.Nb3 Bb6 34.c5 Bc7 35.Rdf1 Rhf8 36.Kc1 Rcd8
37.g3 Ke6 38.h4 Rg8 39.Rh2 Rdf8 40.Rhf2 Rxf2 41.Rxf2 Bd8 42.Kd2 Be7 43.Kd3 Rd8+
44.Ke2 Rg8 45.Kf3  1/2-1/2

[Event "WY BU14 2012"]
[Site "Maribor SLO"]
[Date "2012.11.12"]
[Round "6.41"]
[White "Grinberg,E"]
[Black "Virtanen,Teemu"]
[Result "1-0"]
[WhiteElo "2047"]
[BlackElo "1848"]

1.e4 d6 2.d4 Nf6 3.Nc3 e5 4.Nf3 Nbd7 5.Bc4 Be7 6.O-O O-O 7.h3 c6 8.a4 Qc7
9.Bg5 Re8 10.dxe5 dxe5 11.Nh4 Nc5 12.Nf5 Bxf5 13.exf5 Rad8 14.Qe2 Nd5 15.Qh5 Bxg5
16.Qxg5 Qe7 17.Qxe7 Nxe7 18.g4 Rd2 19.Rfc1 a5 20.Kf1 Rd4 21.b3 Red8 22.Re1 e4
23.f3 Rd2 24.Nxe4 Nxe4 25.Rxe4 Kf8 26.Re2 Rxe2 27.Kxe2 Re8 28.Kf2 Rd8 29.Re1 Nc8
30.Be2 Ne7 31.Rd1 Rxd1 32.Bxd1 Nd5 33.Be2 Ke7 34.Bc4 Nc7 35.Ke3 b5 36.axb5 cxb5
37.Bd3 f6 38.Kd4 Kd6 39.c4 bxc4 40.Bxc4 Kc6 41.f4 Kd6 42.Bg8 h6 43.Kc4 Kc6
44.Be6 Kd6 45.Bc8 Kc6 46.h4 Kd6 47.Bb7 Ne8 48.Kb5 Nc7+ 49.Kxa5 Kc5 50.b4+ Kd4
51.Kb6 Ne8 52.Kc6 Ke3 53.Kd7  1-0

[Event "Brno Open 2012"]
[Site "Brno CZE"]
[Date "2012.11.13"]
[Round "4"]
[White "Richterova,Natasa"]
[Black "Markovic,Iv CZE"]
[Result "1/2-1/2"]
[WhiteElo "1945"]
[BlackElo "2140"]

1.e4 d6 2.d4 Nf6 3.Nc3 e5 4.Nf3 Nbd7 5.Bc4 Be7 6.O-O O-O 7.Re1 c6 8.a4 b6
9.d5 cxd5 10.Nxd5 Nxd5 11.Bxd5 Rb8 12.Qd3 Nf6 13.Bc4 Bb7 14.Bg5 d5 15.Bxf6 dxc4
16.Qxd8 Bxd8 17.Bxd8 Rfxd8 18.Nxe5 Rbc8 19.f3 h5 20.Rad1 Re8 21.Rd7 Rxe5
22.Rxb7 Ra5 23.b3 cxb3 24.cxb3 Rc2 25.Rd7 Rb2 26.Rd8+ Kh7 27.Rd5 Rxd5 28.exd5 Rxb3
29.Re7 a6 30.Rxf7 Rb4 31.Rb7 Rxa4 32.Rxb6 Rd4 33.d6 a5 34.Rb5 Kg6 35.Rxa5 Rxd6
36.h4 Rd4 37.Rg5+ Kh6 38.g3 Rd2 39.Kf1 Ra2 40.Re5 Kg6 41.Re2 Ra3 42.Kg2 Rb3
43.Rd2 Ra3 44.Rd6+ Kf5 45.Rd5+ Kg6 46.Rg5+ Kh6 47.Re5 Kg6 48.Kf2 Rb3 49.Ke2 Ra3
50.Rd5 Rb3 51.Rd3 Rb5 52.Ke3 Kf5 53.Rc3 g6 54.Kd4 Rb4+ 55.Rc4 Rb3 56.Rc5+ Kf6
57.Rc3 Rb4+ 58.Rc4 Rb5 59.Rc6+ Kg7 60.Rc5 Rb1 61.Ke4 Rg1 62.Kf4 Kh6 63.Rg5 Ra1
64.g4 hxg4 65.Rxg4 Ra4+ 66.Kg3 Ra3 67.Re4 Rb3 68.Kg4 Rb1 69.Re5 Rb4+ 70.Kg3 Rb3
71.Rg5 Ra3 72.Rb5 Rc3 73.Rb6 Rc1 74.f4 Rg1+ 75.Kf2 Rg4 76.Kf3 Rxh4 77.f5 Kg5
78.fxg6 Rh8 79.g7  1/2-1/2

[Event "FIDE WCh Women World Cup"]
[Site "Khanty-Mansiysk RUS"]
[Date "2012.11.13"]
[Round "1.3"]
[White "Muzychuk,M"]
[Black "Foisor,C"]
[Result "1/2-1/2"]
[WhiteElo "2476"]
[BlackElo "2383"]

1.d4 d6 2.e4 Nf6 3.Nc3 e5 4.Nf3 Nbd7 5.Bc4 Be7 6.O-O O-O 7.Re1 c6 8.a4 a5
9.b3 exd4 10.Nxd4 Nb6 11.Bf1 d5 12.e5 Ne8 13.Bb2 g6 14.Qd2 Ng7 15.Rad1 Nd7
16.f4 Nc5 17.Qf2 Bg4 18.Be2 Bd7 19.Bf3 Nce6 20.Nce2 Bc5 21.Kh1 Qb6 22.Qh4 Qd8
23.Qxd8 Raxd8 24.g3 Rfe8 25.Kg2 Bb6 26.Nxe6 fxe6 27.Bd4 c5 28.Bf2 Bc6 29.g4 Rd7
30.Bh4 Bd8 31.Bxd8 Rexd8 32.Kg3 Rf8 33.Bg2 Ne8 34.Rf1 Nc7 35.Rf2 Na6 36.Nc3 Nc7
37.Rdf1 Rg7 38.h4 Ne8 39.Nb1 Rc7 40.Nd2 Re7 41.c4 Nc7 42.cxd5 exd5 43.Nb1 Na6
44.Nc3 Nb4 45.Rd1 d4 46.Ne4 Bxe4 47.Bxe4 b6 48.Rh2 Rd8 49.Bd3 Kg7 50.Bc4 h6
51.Re2 Rde8 52.Bb5 Rf8 53.Bc4 Rfe8 54.Rde1 Rf8 55.Rf1 d3 56.Re3 d2 57.Rd1 Nc2
58.Rd3 Nd4 59.R3xd2 g5 60.hxg5 hxg5 61.Rf2 gxf4+ 62.Rxf4 Rxe5 63.Rxf8 Kxf8
64.Rf1+ Kg7 65.Rf7+ Kg6 66.Rb7 Kg5 67.Rxb6 Re3+ 68.Kf2 Rf3+ 69.Ke1 Rg3 70.Kd2 Rxg4
71.Rb8 Kf4 72.Bd3 Ke5 73.Kc3 Nc6 74.Rc8 Kd6 75.Rh8 Nb4 76.Rh6+ Kc7 77.Rh7+ Kb6
78.Rh6+ Kc7 79.Rh7+ Kb6  1/2-1/2

[Event "FIDE WCh Women World Cup"]
[Site "Khanty-Mansiysk RUS"]
[Date "2012.11.13"]
[Round "1.8"]
[White "Muzychuk,M"]
[Black "Foisor,C"]
[Result "1-0"]
[WhiteElo "2476"]
[BlackElo "2383"]

1.d4 d6 2.e4 Nf6 3.Nc3 e5 4.Nf3 Nbd7 5.Bc4 Be7 6.O-O O-O 7.a4 a5 8.h3 c6
9.Be3 exd4 10.Nxd4 Nb6 11.Bb3 d5 12.exd5 Nbxd5 13.Nxd5 Nxd5 14.Re1 Bf6 15.c3 Nxe3
16.Rxe3 c5 17.Nb5 Qxd1+ 18.Rxd1 Ra6 19.Nd6 Rb6 20.Bc4 Rxb2 21.Nxf7 h6 22.Ne5+ Kh7
23.Bd3+ Kg8 24.Ng6 Rd8 25.Bc4+ Kh7 26.Rxd8 Bxd8 27.Nf8+ Kh8 28.Re8 Rb1+ 29.Kh2 Bc7+
30.g3 Bf5 31.Ne6+ Kh7 32.Nxc7 Rb2 33.Kg2 Rc2 34.Nb5 b6 35.Re5 Bg6 36.Re6 Rb2
37.Rxb6 Be4+ 38.Kf1 h5 39.Re6 Bf5 40.Re5 Bxh3+ 41.Ke1 Bg4 42.Rxc5 Rb1+ 43.Kd2 Rd1+
44.Ke3 Re1+ 45.Kf4 Ra1 46.f3 Bd7 47.Rxh5+ Kg6 48.Rg5+ Kh6 49.Bb3 Rb1 50.Nd4 Ra1
51.Nf5+ Bxf5 52.Rxf5 Rb1 53.Rb5 Rb2 54.Rb6+ g6 55.g4 Kg7 56.Rb7+  1-0

[Event "FIDE WCh Women World Cup"]
[Site "Khanty-Mansiysk RUS"]
[Date "2012.11.13"]
[Round "1.5"]
[White "Muzychuk,M"]
[Black "Foisor,C"]
[Result "0-1"]
[WhiteElo "2476"]
[BlackElo "2383"]

1.d4 d6 2.e4 Nf6 3.Nc3 e5 4.Nf3 Nbd7 5.Bc4 Be7 6.O-O O-O 7.Re1 c6 8.a4 a5
9.b3 exd4 10.Nxd4 Nb6 11.Bf1 d5 12.e5 Ne8 13.Qd3 g6 14.Bh6 Ng7 15.f4 Bc5
16.Bg5 Qc7 17.Ne2 Nd7 18.Kh1 f6 19.Bh6 Re8 20.Bxg7 Kxg7 21.e6 Nf8 22.f5 Bd6
23.g3 b6 24.Bg2 Ba6 25.Qf3 Be5 26.Rad1 Rad8 27.Qg4 Bxe2 28.Nxe2 h5 29.Qf3 gxf5
30.Qxh5 Nxe6 31.Qxf5 Qf7 32.Bh3 Ng5 33.Bg4 Qg6 34.Nf4 Qxf5 35.Bxf5 Bxf4 36.gxf4 Nf3
37.Rf1 Re3 38.Rd3 Rxd3 39.Bxd3 Nd4 40.Rg1+ Kf7 41.Bg6+ Ke6 42.Re1+ Kd6 43.Bd3 Ne6
44.Rf1 Rg8 45.h3 Nc5 46.Kh2 Nxd3 47.cxd3 Ke6 48.d4 Kf5 49.Rc1 Rc8 50.Kg3 Ke4
51.h4 Kxd4 52.h5 Ke3 53.Re1+ Kd2 54.Re6 d4 55.h6 d3 56.Kf3 Kc2 57.h7 c5 58.Rd6 d2  0-1

[Event "WY BU14 2012"]
[Site "Maribor SLO"]
[Date "2012.11.14"]
[Round "7.66"]
[White "Markocic,Tine"]
[Black "Kodric,Tilen"]
[Result "1-0"]
[WhiteElo "1808"]
[BlackElo "1497"]

1.e4 d6 2.d4 Nf6 3.Nc3 c6 4.Be3 Ng4 5.Bg5 h6 6.Bh4 Qb6 7.a3 g5 8.Bg3 Bg7
9.Nf3 c5 10.Nd5 Qd8 11.dxc5 e6 12.Nc3 Qa5 13.Bxd6 Bxc3+ 14.bxc3 Qxc3+ 15.Nd2 a6
16.Bd3 Nd7 17.O-O Nge5 18.Nb3 h5 19.Qe1 Qb2 20.Qb1 Qc3 21.Qe1 Qb2 22.Qb4 Nxd3
23.cxd3 h4 24.Nd4 Qxb4 25.axb4 h3 26.g4 Rh4 27.f3 Nf6 28.b5 Kd7 29.Be5 Ne8
30.c6+ bxc6 31.bxc6+ Kd8 32.Nb3 f6 33.Bg3 Rh7 34.d4 Re7 35.Rfd1 f5 36.d5 f4
37.Be1 exd5 38.exd5 Re3 39.Nc5 Rxf3 40.d6 Bxg4 41.Ba5+  1-0

[Event "WY GU16 2012"]
[Site "Maribor SLO"]
[Date "2012.11.14"]
[Round "7.7"]
[White "Hakimifard,R"]
[Black "Osmanodja,F"]
[Result "1-0"]
[WhiteElo "1954"]
[BlackElo "2206"]

1.e4 d6 2.d4 Nf6 3.Nc3 e5 4.dxe5 dxe5 5.Qxd8+ Kxd8 6.Bc4 Ke8 7.Bg5 Nbd7 8.O-O-O c6
9.a3 Bc5 10.f3 h6 11.Bd2 b5 12.Ba2 a5 13.g4 b4 14.Nb1 Nb6 15.h4 Ba6 16.c3 Bc4
17.cxb4 axb4 18.Bxc4 Nxc4 19.Bxb4 Bxb4 20.axb4 Ke7 21.b3 Nd6 22.Rh2 Rhb8
23.Rc2 Ra6 24.g5 hxg5 25.hxg5 Nfe8 26.Rc5 f6 27.gxf6+ gxf6 28.Kb2 Rxb4 29.Nd2 Nc7
30.Ne2 Ne6 31.Rcc1 Nb5 32.Rc4 c5 33.Rxb4 cxb4 34.Nc4 Ra8 35.Rd3 Rh8 36.Re3 Rh2
37.Kc1 Ned4 38.Nxd4 exd4 39.Rd3 Nc3 40.Nb6 Ne2+ 41.Kd1 Nc3+ 42.Kc1 Kd6 43.Nd5 Na2+
44.Kd1 Ke5 45.Ne7 Rh1+ 46.Kc2 Rh2+ 47.Kd1 Nc3+ 48.Ke1 Kf4 49.Nf5 Re2+ 50.Kf1 Re3
51.Nxe3 dxe3 52.Kg2 Na2 53.Rd4 Ke5 54.Rd5+ Ke6 55.Kf1 Nc1 56.Rb5 Kd6 57.Rd5+ Ke6
58.f4 f5 59.Rxf5 Nxb3 60.Re5+ Kf6 61.Ke2 Nd2 62.Rf5+ Ke6 63.Kxe3 Nc4+ 64.Kd4 Nd2
65.Kd3 Nf3 66.Rb5 Ne1+ 67.Kd2 Nf3+ 68.Ke3 Ne1 69.Kd2 Nf3+ 70.Kc1 Ne1 71.Rd5 Kf6
72.Kb2 Ng2 73.Kb3 Ne3 74.Rb5 Nf1 75.Rxb4 Nd2+ 76.Kc3 Nf3 77.Rb6+ Ke7 78.Kc4 Kf7
79.Kd5 Ke7 80.e5 Nh4 81.Rb7+ Kf8 82.Ke6 Ng2 83.f5 Nf4+ 84.Kd7 Nd3 85.Rb8+ Kg7
86.e6 Ne5+ 87.Kd6 Nc4+ 88.Kc5 Ne5 89.Kd5 Ng4 90.e7 Kf7 91.e8=Q+  1-0

[Event "WY GU18 2012"]
[Site "Maribor SLO"]
[Date "2012.11.14"]
[Round "7.11"]
[White "Hakimifard,G"]
[Black "Leks,M"]
[Result "0-1"]
[WhiteElo "2274"]
[BlackElo "2069"]

1.e4 d6 2.d4 Nf6 3.Nc3 e5 4.Nf3 Nbd7 5.Bc4 Be7 6.O-O O-O 7.Re1 c6 8.a4 a5
9.b3 Qc7 10.Bb2 Nb6 11.Bf1 Bg4 12.d5 cxd5 13.Nxd5 Nbxd5 14.exd5 Bxf3 15.Qxf3 Qxc2
16.Rab1 Qc5 17.Bc4 Nd7 18.Rbc1 Qb6 19.Kh1 f5 20.Qe2 Bf6 21.f3 Nc5 22.Ba3 Rac8
23.Rb1 Qc7 24.Rec1 Qe7 25.b4 axb4 26.Rxb4 e4 27.Rcb1 Be5 28.Qf2 Qg5 29.g3 f4
30.g4 Nd3 31.Bxd3 exd3 32.Qf1 Qh4 33.Rc1 d2 34.Rd1 Rc3 35.Bb2 Re3  0-1

[Event "WY BU14 2012"]
[Site "Maribor SLO"]
[Date "2012.11.14"]
[Round "7.2"]
[White "Bellahcene,B"]
[Black "Sanal,V"]
[Result "1-0"]
[WhiteElo "2354"]
[BlackElo "2397"]

1.d4 d6 2.e4 Nf6 3.Nc3 e5 4.Nf3 Nbd7 5.Bc4 Be7 6.O-O O-O 7.Re1 c6 8.a4 h6
9.b3 Qc7 10.h3 Re8 11.Bb2 Nf8 12.Bd3 Ng6 13.Ne2 Nh7 14.Ng3 Be6 15.Nf5 Bf8
16.g3 Rad8 17.Qe2 Nf6 18.dxe5 dxe5 19.Bc4 Bc8 20.Red1 Rxd1+ 21.Rxd1 a6 22.Bd3 Bc5
23.Nh2 Bxf5 24.exf5 Nf8 25.Kg2 N8d7 26.Ng4 b5 27.axb5 axb5 28.Nxf6+ Nxf6
29.Be4 Bd4 30.c3 Bc5 31.f3 Ra8 32.b4 Ba7 33.g4 Rd8 34.Re1 Qb6 35.Bc1 Nxe4
36.fxe4 Rd3 37.g5 Qd8 38.Qg4 Qb6 39.Rf1 h5 40.Qxh5 Rxc3 41.g6 Rxc1 42.f6 Qg1+
43.Rxg1 Rxg1+ 44.Kf3 Rxg6 45.fxg7 Kxg7 46.Qxe5+ Kg8 47.h4 Re6 48.Qc7 Bg1
49.h5 Rh6 50.Qg3+ Kf8 51.Qxg1 Rxh5 52.Qb6 Rh6 53.Qd8+ Kg7 54.Ke3 Re6 55.Kd4 Rg6
56.Kc5 Re6 57.Qd4+ Kf8 58.Qd6+  1-0

[Event "WY BU14 2012"]
[Site "Maribor SLO"]
[Date "2012.11.14"]
[Round "7.62"]
[White "Murko,David"]
[Black "Drobnic,Milan"]
[Result "1-0"]
[WhiteElo "1611"]
[BlackElo "1765"]

1.e4 d6 2.d4 Nf6 3.Nc3 Nbd7 4.Nf3 e5 5.Bc4 Be7 6.O-O O-O 7.h3 c6 8.a4 Qc7
9.Re1 b6 10.Be3 a5 11.d5 c5 12.Nb5 Qb8 13.Nd2 Ba6 14.Qe2 Bxb5 15.Bxb5 Qc7
16.Rf1 Rad8 17.Rae1 h6 18.f4 Nh7 19.f5 Bg5 20.Qf2 f6 21.h4 Bxe3 22.Rxe3 Nb8
23.Kh2 Rf7 24.Rh1 Nf8 25.Kg1 Re7 26.g4 Nh7 27.Rg3 c4 28.Nxc4 Qc5 29.Qxc5 bxc5
30.Nxa5  1-0

[Event "WY GU16 2012"]
[Site "Maribor SLO"]
[Date "2012.11.14"]
[Round "7.27"]
[White "Nouman,A"]
[Black "Ivanova,Si"]
[Result "1/2-1/2"]
[WhiteElo "1808"]
[BlackElo "2016"]

1.e4 d6 2.d4 Nf6 3.Nc3 e5 4.h3 exd4 5.Qxd4 Nc6 6.Qd1 g6 7.g3 Bg7 8.Bg2 O-O
9.Nge2 Re8 10.O-O Be6 11.Be3 Qd7 12.g4 Rad8 13.f4 Bc4 14.Re1 b5 15.e5 b4
16.Nb1 dxe5 17.Qxd7 Nxd7 18.Bxc6 Bxe2 19.Nd2 exf4 20.Bxf4 Bxb2 21.Rab1 Bc3
22.Bxc7 Bxd2 23.Bxd8 Bxe1 24.Rxe1 Rxd8 25.Rxe2 Nc5 26.Kf2 Ne6 27.Ba4 Nf4
28.Re3 g5 29.Kg3 h6 30.Re7 a5 31.Ra7 Ne2+ 32.Kf3 Nc3 33.Rxa5 Rd4 34.Bb3 Rf4+
35.Kg2 Kg7 36.a3 bxa3 37.Rxa3 Nb5 38.Ra5 Nd4 39.Ra7 Nxb3 40.cxb3 Rb4 41.Ra3  1/2-1/2

[Event "US Chess League KO Final 2012"]
[Site "ICC INT"]
[Date "2012.11.15"]
[Round "1"]
[White "Hendrickson,Nolan R"]
[Black "Chakraborty,Di"]
[Result "1-0"]
[WhiteElo "2197"]
[BlackElo "2166"]

1.e4 d6 2.d4 Nf6 3.Nc3 e5 4.dxe5 dxe5 5.Qxd8+ Kxd8 6.Bc4 Ke8 7.Nf3 Bd6 8.Bg5 Nbd7
9.O-O-O h6 10.Bh4 a6 11.a4 b6 12.Rhe1 Bb7 13.Bxf6 Nxf6 14.Nd5 Nd7 15.Nc3 Rd8
16.Bd5 Bc8 17.Nd2 Bb4 18.Re3 Nf6 19.Nc4 Bc5 20.Red3 Bd4 21.Ne2 Nxd5 22.exd5 Bxf2
23.Nxe5 Bh4 24.d6 Rxd6 25.Rxd6 cxd6 26.Rxd6 Bf2 27.Nc3 Ke7 28.Rd2 Bc5 29.b4 Be3
30.Nd5+ Ke6 31.Nxe3 Kxe5 32.Nc4+ Ke4 33.Nxb6 Be6 34.c4 Rb8 35.c5 Rb7 36.Kb2 Ke3
37.Kc3 g5 38.b5 h5 39.Rd6 h4 40.c6 Rc7 41.Rxe6+ fxe6 42.Nc4+ Kf2 43.b6  1-0

[Event "22nd World Seniors Women"]
[Site "Kamena Vourla GRE"]
[Date "2012.11.15"]
[Round "3.3"]
[White "Fatalibekova,E"]
[Black "Khmiadashvili,T"]
[Result "1/2-1/2"]
[WhiteElo "2266"]
[BlackElo "2115"]

1.e4 d6 2.d4 Nf6 3.Nc3 e5 4.Nf3 exd4 5.Nxd4 Be7 6.g3 O-O 7.Bg2 c6 8.O-O Qa5
9.Bf4 Qh5 10.h3 Qxd1 11.Raxd1 Nh5 12.Be3 g5 13.g4 Ng7 14.Rfe1 Nd7 15.Nce2 Ne5
16.Ng3 Be6 17.b3 Rfd8 18.Ndf5 Bxf5 19.exf5 f6 20.c4 Kf7 21.f4 gxf4 22.Bxf4 Rh8
23.Bh6 Ne8 24.Ne4 Rg8 25.Kf2 Rd8 26.Nc3 Nc7 27.Be3 Ra8 28.Re2 a5 29.Na4 Na6
30.Red2 Rae8 31.Bf4 Nb8 32.Bf1 Nbd7 33.Be2 Kg7 34.Be3 h6 35.Nc3 Nf7 36.Ne4 Nde5
37.Ng3 Kh7 38.Nh5 Ra8 39.a4 Rgd8 40.h4 Rg8 41.Rg1 Nd7 42.Nf4 Nfe5 43.Ne6 Nc5
44.Bxc5 dxc5 45.Rdd1 Rab8 46.Rg3 b6 47.Rh1 Nf7 48.Rd1 Rb7 49.Bf3 Ne5 50.Rg2 Rbb8
51.Ke3 b5 52.axb5 cxb5 53.Be2 bxc4 54.Bxc4 Rxg4 55.Rxg4 Nxg4+ 56.Kf4 Ne5
57.Rg1 Rg8 58.Rxg8 Kxg8 59.Bd5 Kh7 60.Ke3 Bd6 61.h5 Nd7 62.Kd3 Ne5+  1/2-1/2

[Event "WY GU18 2012"]
[Site "Maribor SLO"]
[Date "2012.11.15"]
[Round "8.9"]
[White "Saranya,J"]
[Black "Leks,M"]
[Result "1-0"]
[WhiteElo "2166"]
[BlackElo "2069"]

1.e4 d6 2.d4 Nf6 3.Nc3 e5 4.Bc4 Nbd7 5.Nge2 Be7 6.O-O O-O 7.Ng3 Nb6 8.Be2 c6
9.a4 a5 10.f4 exf4 11.Bxf4 d5 12.e5 Ne8 13.Bd3 Be6 14.Nf5 Bxf5 15.Bxf5 g6
16.Bh3 Ng7 17.Qd3 Bg5 18.Qg3 Bxf4 19.Qxf4 Nh5 20.Qh6 Qh4 21.Rad1 f5 22.Rd3 Rae8
23.Nd1 Nc8 24.g3 Qd8 25.Bxf5 Ng7 26.Bh3 Rxf1+ 27.Kxf1 c5 28.Qe3 c4 29.Rd2 Nd6
30.Bg2 Ndf5 31.Qf3 Ne7 32.Rf2 Qb6 33.c3 Qe6 34.Ne3 Ngf5 35.Ng4 Kg7 36.Nf6 Rd8
37.h4 Qc6 38.g4 Nxh4 39.Nh5+ gxh5 40.Qf7+ Kh8 41.Qxe7 Qd7 42.Qxh4 hxg4 43.e6 Qd6
44.Rf7  1-0

[Event "WY BU16 2012"]
[Site "Maribor SLO"]
[Date "2012.11.15"]
[Round "8.40"]
[White "Fiora,E"]
[Black "Bosnjak,Petar"]
[Result "1-0"]
[WhiteElo "2007"]
[BlackElo "2086"]

1.e4 d6 2.d4 Nf6 3.Nc3 e5 4.Nf3 Nbd7 5.Bc4 Be7 6.O-O O-O 7.a4 c6 8.b3 a5
9.Bb2 exd4 10.Qxd4 Nc5 11.h3 Be6 12.Rad1 Ne8 13.Ne2 Qc7 14.Ng3 Rd8 15.Nh5 Bxc4
16.Qxc4 Nd7 17.Nf4 Nb6 18.Qe2 Bf6 19.Ba3 Be7 20.Rfe1 Nf6 21.Qd2 Nc8 22.Bb2 Nd7
23.Nh5 Ne5 24.Qf4 f6 25.Nd4 Qd7 26.Qg3 Ng6 27.f4  1-0

[Event "11th Kheireddine Ameyar Mem 2012"]
[Site "Algiers ALG"]
[Date "2012.11.16"]
[Round "1.6"]
[White "Benkiar,D"]
[Black "Lazic,Mir"]
[Result "0-1"]
[WhiteElo "2039"]
[BlackElo "2464"]

1.e4 d6 2.d4 Nf6 3.Nc3 e5 4.dxe5 dxe5 5.Qxd8+ Kxd8 6.Bg5 c6 7.O-O-O+ Ke8
8.Bc4 Nfd7 9.a4 Bc5 10.Nf3 f6 11.Be3 Bxe3+ 12.fxe3 Nc5 13.Rd6 Ke7 14.Rhd1 a5
15.Nh4 g6 16.h3 Nbd7 17.g4 Nb6 18.Ba2 Be6 19.Bxe6 Nxe6 20.Nf3 Nc5 21.b3 Raf8
22.Kb2 g5 23.h4 h5 24.gxh5 g4 25.Ng1 Nd5 26.Nxd5+ Kxd6 27.Nf4+ Ke7 28.Ng6+ Ke6
29.Nxf8+ Rxf8 30.Ne2 Nxe4 31.Rg1 f5 32.Nc3 Nf6 33.Ne2 Rh8 34.Ng3 Nxh5 35.Ne2 Nf6
36.Rh1 Ne4 37.Kc1 Nf2 38.Rf1 Nh3 39.Ng3 f4 40.exf4 exf4 41.Re1+ Kf7 42.Nf5 Kf6
43.Nd6 g3  0-1